000 00401 a2200169 4500
001 71266
020 _a8506014549
040 _cAnchieta - Colégio São Paulo
100 _aMachado, Ana Maria
240 1 0 _aO pavão do abre-e-fecha
_lpor
245 1 0 _aO pavão do abre-e-fecha
300 _a16
362 0 _a2000
440 1 _aMelhoramentos
650 4 _aLiteratura infanto-juvenil
942 _cBK
999 _c71266
_d71266